000 00618nam a2200229Ia 4500
005 20241216010032.0
008 180423s9999||||xx |||||||||||||| ||und||
020 _a968-444-339-0
082 _a339
_bP26
100 _aPARKIN, MICHAEL
245 0 _aMACROECONOMIA
250 _a2
260 _aMEXICO
_bADDISON WESLEY LONGMAN
_c1998
300 _a1195 pag.
_c26 cm
341 _h111
490 _v0
_a0
505 _aREALIDAD ECONOMICA-TEORIA JUEGOS/TEORIA MODERNA DE EMPRESAS
541 _aC
_bLIBRERIA SAN CRISTOBAL
_d15-Aug-01
_odólar
650 _aCIENCIAS SOCIALES
856 _zHumanidades
942 _cLIBRO
999 _c3802
_d3802